<?xml version="1.0" encoding="UTF-8"?><?xml-stylesheet type="text/xsl" href="static/style.xsl"?><OAI-PMH xmlns="http://www.openarchives.org/OAI/2.0/" xmlns:xsi="http://www.w3.org/2001/XMLSchema-instance" xsi:schemaLocation="http://www.openarchives.org/OAI/2.0/ http://www.openarchives.org/OAI/2.0/OAI-PMH.xsd"><responseDate>2026-04-17T04:00:17Z</responseDate><request verb="GetRecord" identifier="oai:www.recercat.cat:10256/9470" metadataPrefix="marc">https://recercat.cat/oai/request</request><GetRecord><record><header><identifier>oai:recercat.cat:10256/9470</identifier><datestamp>2024-06-18T14:31:30Z</datestamp><setSpec>com_2072_452955</setSpec><setSpec>com_2072_2054</setSpec><setSpec>col_2072_452959</setSpec></header><metadata><record xmlns="http://www.loc.gov/MARC21/slim" xmlns:dcterms="http://purl.org/dc/terms/" xmlns:xsi="http://www.w3.org/2001/XMLSchema-instance" xmlns:doc="http://www.lyncode.com/xoai" xsi:schemaLocation="http://www.loc.gov/MARC21/slim http://www.loc.gov/standards/marcxml/schema/MARC21slim.xsd">
   <leader>00925njm 22002777a 4500</leader>
   <datafield ind2=" " ind1=" " tag="042">
      <subfield code="a">dc</subfield>
   </datafield>
   <datafield ind2=" " ind1=" " tag="720">
      <subfield code="a">Barriocanal Lozano, Carles</subfield>
      <subfield code="e">author</subfield>
   </datafield>
   <datafield ind2=" " ind1=" " tag="260">
      <subfield code="c">2007</subfield>
   </datafield>
   <datafield ind2=" " ind1=" " tag="520">
      <subfield code="a">S'ha estudiat l'avifauna present a la primavera als alzinars del massís de Begur. Mitjançant la tècnica de les estacions d'escolta, s'ha determinat la composició de les poblacions d'ocells que es detecten als retalls de la comunitat de l'alzinar que actualment es localitzen a les fondalades i sectors més ombrívols del massís. L'anàlisi de la composició del poblament ha mostrat uns valors de riquesa total i de riquesa mitjana molt elevats. Els valors de preferències ecològiques i hàbits forestals presenten uns perfils de poblacions poc especialitzats forestalment en el conjunt de les espècies detectades; quan s 'analitzen les espècies que componen la fracció de les més freqüents (valor de freqüència relativa >50%), aleshores es mostra un perfil que s 'adiu més amb un caràcter forestal. L'origen de les espècies és marcadament paleàrtic</subfield>
   </datafield>
   <datafield ind1="8" ind2=" " tag="024">
      <subfield code="a">http://hdl.handle.net/10256/9470</subfield>
   </datafield>
   <datafield tag="653" ind2=" " ind1=" ">
      <subfield code="a">Ocells -- Catalunya -- Begur (Massís)</subfield>
   </datafield>
   <datafield tag="653" ind2=" " ind1=" ">
      <subfield code="a">Birds -- Catalonia -- Begur, Mountain</subfield>
   </datafield>
   <datafield ind2="0" ind1="0" tag="245">
      <subfield code="a">Avifauna dels alzinars del massís de Begur a la primavera</subfield>
   </datafield>
</record></metadata></record></GetRecord></OAI-PMH>